Piet Mondrian : Life and Work /

Shranjeno v:
Bibliografske podrobnosti
Glavni avtor: Mondrian, Piet
Drugi avtorji: Seuphor, Michel (texto) (texto)
Format: Knjiga
Jezik:angleščina
Teme:
Oznake: Označite
Brez oznak, prvi označite!

MARC

LEADER 00000nam^a2200000^a^4500
001 000184850
005 20250526000000.0
009 20260310102130.342
037 |a Acervo ITESO - Biblioteca 
041 |a ING 
082 |a 759. 9492071  |b MON SEU 
100 |a Mondrian, Piet 
245 1 0 |a Piet Mondrian :  |b Life and Work /  |c P. Mondrian ; texto de M. Seuphor ; introd. de Georg Schmidt. 
264 |a Nueva York, EUA :  |b Harry N. Abrams,  |c fecha no identificada 
300 |a 443 p. ;  |c 30.0 cm. 
336 |a texto  |b txt  |2 rdacontenido 
337 |a sin mediación  |b n  |2 rdamedio 
338 |a volumen  |b nc  |2 rdasoporte 
545 0 |a Piet Mondrian (Holanda, 1872-1944) es el pintor de arte abstracto, que llevó al extremo la simplificación visual, en la composición y el colorido, para exponer los principios básicos que están detrás de la apariencia, con un estilo de finos trazos verticales y horizontales. Estudió en la Academia de Bellas Artes de Amsterdam y se trasladó a París en 1911, donde inició pintando al estilo cubista. En 1917, junto con el pintor Theo van Doesburg, fundó la revista De Stijl, en la que Mondrian desarrolló su teoría sobre las nuevas formas artísticas que denominó neoplasticismo. Sostenía que el arte no debía implicarse en la reproducción de imágenes de objetos reales, sino expresar únicamente lo absoluto y universal que se oculta tras la realidad. Rechazaba las cualidades sensoriales de textura, superficie y color y redujo su paleta a los colores primarios. Sus teorías sobre la abstracción y la simplicidad no sólo alteraron el curso de la pintura, sino que tuvieron una profunda influencia en la arquitectura, el diseño industrial y las artes gráficas. Este libro es una monografía del artista. 
649 |a XX 
650 |a Pintores Holandeses 
650 |a Artistas Holandeses 
650 |a Expresionismo Abstracto -  |x Historia y Crítica 
650 |a Pintura Moderna -  |x Historia y Crítica 
650 |a Pintura Holandesa -  |x Historia y Crítica 
650 |a Arte Abstracto -  |x Historia y Crítica 
650 |a Arte Moderno -  |x Historia y Crítica 
650 |a Arte Holandés -  |x Historia y Crítica 
650 |a Mondrian, Piet -  |x Tema Principal 
700 |a Seuphor, Michel  |e (texto) 
910 |a Fondo Julio de la Peña Lomelín 
920 |a Impresos - Libros 
930 |a Libros Antiguos y Raros 
940 |a Arquitectos Jaliscienses 
905 |a 108 
901 |a 0500125829  |b IT2  |c LRA  |u 20250526 
902 |a https://opac.biblio.iteso.mx/vufind/Record/000184850